Introduction to forest ecosystem science and management

Conveying the wide-ranging scope of forestry and the great challenges that lie ahead, this Third Edition brings together leading forestry experts and gives readers a broad overview of the field. Coverage ranges from the basic cell, individual trees, and the forest stand, to management of the forest...

全面介绍

Đã lưu trong:
书目详细资料
格式: 图书
语言:Undetermined
出版: Hoboken, N.J. John Wiley & Sons 2003
主题:
标签: 添加标签
没有标签, 成为第一个标记此记录!
Thư viện lưu trữ: Trung tâm Học liệu Trường Đại học Cần Thơ
LEADER 00939nam a2200193Ia 4500
001 CTU_126362
008 210402s9999 xx 000 0 und d
020 |c 111.96 
082 |a 634.9 
082 |b I.61 
245 0 |a Introduction to forest ecosystem science and management 
245 0 |c Edited by Raymond Allen Young and Ronald L Giese 
260 |a Hoboken, N.J. 
260 |b John Wiley & Sons 
260 |c 2003 
520 |a Conveying the wide-ranging scope of forestry and the great challenges that lie ahead, this Third Edition brings together leading forestry experts and gives readers a broad overview of the field. Coverage ranges from the basic cell, individual trees, and the forest stand, to management of the forest stand and acquisition of goods and services from the forest. 
650 |a Forests and forestry.,Forest management.,Ecosystem. 
904 |i Minh 
980 |a Trung tâm Học liệu Trường Đại học Cần Thơ